| 000 | 00530nam a2200169Ia 4500 | ||
|---|---|---|---|
| 999 |
_c25036 _d25036 |
||
| 003 | OSt | ||
| 005 | 20210105094817.0 | ||
| 008 | 190216s9999||||xx |||||||||||||| ||und|| | ||
| 040 | _coclc | ||
| 082 |
_a894.81201 _bPIS/B |
||
| 100 |
_aPisharoti, Attoor Krishna _98120 |
||
| 245 | 0 |
_aBhasha Sahithya Charithram / _cAttoor Krishna Pisharoti |
|
| 260 |
_bR C Bhattaraka Brothers, _aThrissur: _c1963. |
||
| 300 | _a124p | ||
| 650 | _aSahithya Charithram | ||
| 942 |
_cBK _2ddc _h894.81201 _iPIS/B _k894.81201 _mPIS/B |
||